000
00224nam a2200097Ia 4500
008
190216s9999||||xx |||||||||||||| ||und||
100
_a
Somerst Maugham W
245
2
_a
A Collected Short Stories
260
_b
Null
942
_c
BK
999
_c
12656
_d
12656